| 000 | 00496nam a22001577a 4500 | ||
|---|---|---|---|
| 003 | macl | ||
| 005 | 20200229131545.0 | ||
| 008 | 200229b xxu||||| |||| 00| 0 eng d | ||
| 040 | _cmacl | ||
| 082 | _a 891.433/YAD/S | ||
| 100 |
_aयादव, डॉ .उषा _978496 |
||
| 245 | _aसुनो जयन्ती | ||
| 260 |
_aदिल्ली _bदेव पुस्तक मंदिर _c2012 |
||
| 650 |
_aकहानी संग्रह _936739 |
||
| 942 |
_2ddc _cHIN |
||
| 999 |
_c62270 _d62270 |
||